000 01051nam a2200277Ia 4500
003 OSt
005 20221007123302.0
006 a|||||r|||| 00| 0
007 ta
008 221006b |||||||| |||| 00| 0 eng d
020 _a8173191697 (hbd)
_cRs 300.00
024 _a5257
037 _bNarosa,
_cTextual
040 _aPAPL
_cPAPL
_beng
041 _2eng
_aeng
082 _aCN1, N8
100 _aKaushal R S
_982428
245 0 _aClassical and quantum mechanics of noncentral potentials: a survey of two-dimensional systems by R S Kaushal
260 _aNew
_bDelhi Narosa Publishing House
_c1998
300 _axiv,209p
_ccm.
500 _aAppendices 178-196p; Bibliographical references 197-206pIndex 207-209p; ^n23/CSL/Carpa/98-99/6320^d1998-06-24^mPurchase; ; 98-99/97^b1998-07-14^c047347^d1998-06-30^eNarosa Book Distributors Pvt. Ltd; ; 1998-08-20^bSB^c1998-08-20^r1998-09-24
650 _a Quantum mechanics
650 _aPhysics
942 _hCN1, N8
_cTEXL
_2CC
999 _c1211639
_d1211639